[Event "NZL-ch rapid op"]
[Site "Auckland"]
[Date "2019.01.23"]
[Round "1"]
[White "Clarke, Brandon GI"]
[Black "Zheng, Thomas"]
[Result "1-0"]
[WhiteElo "2365"]
[BlackElo "1533"]
[PlyCount "47"]
[EventDate "2019.01.23"]
[EventType "swiss (rapid)"]
[EventRounds "9"]
[EventCountry "NZL"]
[SourceTitle "CBM 189 Extra"]
[Source "ChessBase"]
[SourceDate "2019.05.31"]
[SourceVersion "1"]
[SourceVersionDate "2019.05.31"]
[SourceQuality "1"]

1. e4 e6 2. d4 d5 3. Nc3 Bb4 4. e5 c5 5. a3 cxd4 6. axb4 dxc3 7. Qg4 cxb2 8. Bxb2 g6 9. Nf3 Nh6 10. Qf4 Nf5 11. Bd3 Nc6 12. b5 Qb6 13. 0-0 Nce7 14. g4 Ng7 15. Qf6 Rg8 16. Ba3 Qc7 17. Ng5 Nef5 18. b6 axb6 19. gxf5 Ra5 20. Bd6 Qd7 21. Rxa5 Nh5 22. fxe6 Nxf6 23. exd7+ Nxd7 24. Ra8 1-0